000 00751nam a2200229Ia 4500
001 17217
003 GE_BSU
008 181216s||||||||xx |||||||||||||| ||und||
040 _cGE_BSU
080 _a821.353.1-31
100 _aდევდარიანი, კ.
245 _aსიჭაბუკე პოეტისა
245 _bრომანი ნ. ბარათაშვილზე
245 _cრედ.ქ.ქუჩუკაშვილი
260 _aთბილისი
260 _bნაკადული
260 _c1960
300 _a210გვ. ; 22სმ
653 _aრომანი ნ. ბარათაშვილზე
653 _aსიჭაბუკე პოეტისა
942 _cBK
999 _c50278
_d50278